Statistics for The Bad Batch by Picture

Click here to take the quiz!

General Stats

  • This quiz has been taken 33 times
  • The average score is 7 of 8

Answer Stats

Answer% Correct
CT-9901 "Hunter"
100%
CT-9902 "Tech"
100%
CT-9904 "Crosshair"
100%
CT-21-0408 "Echo"
96%
CT-9903 "Wrecker"
96%
Omega
96%
LH-201 "Batcher"
72%
Gonky
68%

Score Distribution

Percentile by Number Answered

Percent of People with Each Score

Your Score History

You have not taken this quiz